00701nam a2200241 a 4500001001300000003000900013005001700022008004100039020001000080082001500090100002000105245006500125260002900190300000800219500003500227505001000262650002200272700002000294902000800314942000700322952011500329999001500444nice12345678IN_TiNIC20260116011753.0050524s1932 guna grp 000 0 eng  ac10000a269.2bPER aPerayya, K Abel aChristian Scriptures and the Ministry Among the Caste People aGunturbJ.Raja Raoc1932 a30p aincludes index and biblioraphy2 aIndex aEvangelistic Work1 aPerayya, K Abel bRBA cBK 001040708RareBook->aHMIbHMId2007-07-16g100.00l0o269.2 PERp08808r2007-07-16v100.00w2005-05-24yBK c3834d3834